00442nam a2200157Ia 450000500170000000800410001702000150005808200130007310000230008624500610010926000580017030000190022865000110024765000130025865000130027120250306042308.0240331s9999 xx 000 0 und d a8170131480 bWICa954 aWickremaratne, U.C 4aThe conservative nature of the British rule of Sri Lanka aNew DelhibNavarang, Booksellers and Publishersc1996 aXiii, 288 p ., aSocial aEconomic aPolicies